| 000 | 00645nam a22001937a 4500 | ||
|---|---|---|---|
| 003 | JO-AjAnu | ||
| 005 | 20251012132914.0 | ||
| 008 | 251012b jo ||||| |||| 00| 0 ara d | ||
| 020 | _a978-1-266-28702-2 | ||
| 040 |
_aANU _cJO-AjAnu |
||
| 041 | _hENG | ||
| 100 |
_aWalton-Fisette, Jennifer L. _eAuthor _966786 |
||
| 245 |
_a Foundations of Physical Education, Exercise Science, And Sport _c / Prepared by Jennifer L. Walton-Fisette, Deborah A. Wuest |
||
| 260 |
_aNew York : _bMc Graw Hill, _c2024 |
||
| 300 | _a444 pages | ||
| 650 | _vSports - Physical Education | ||
| 700 |
_aWuest, Deborah A. _eJoint Author _966789 |
||
| 942 |
_2lcc _cBK _n0 |
||
| 999 |
_c34062 _d34062 |
||